Music Quiz

Random Music Quiz

KISS All Studio Songs Quiz Stats

 Plays Quiz not verified by Sporcle

Score 0/274 Timer 20:00
2 Plays Today
Album Answer % Correct
Music From 'The Elder'I
96%
Hotter than HellHotter Than Hell
95.7%
KISSStrutter
95.3%
DestroyerBeth
94.7%
DestroyerDetroit Rock City
94%
KISSCold Gin
93.7%
KISSDeuce
93.7%
KISSBlack Diamond
93.7%
Love GunLove Gun
93.5%
KISSFirehouse
92.2%
KISS100000 Years
92.2%
DestroyerGod of Thunder
91.5%
DestroyerShout it Out Loud
91.2%
DestroyerDo You Love Me?
90.5%
Lick it UpLick it Up
90.5%
Love GunShock Me
90%
DynastyI Was Made for Lovin' You
89.9%
Dressed To Kill She
89.7%
Dressed To Kill Rock n' Roll All Nite
89.5%
KISSNothin' to Lose
89.2%
DestroyerKing of the Night Time World
89.2%
Love GunChristine Sixteen
89.2%
Ace FrehleyNew York Groove
89.2%
Rock And Roll OverCalling Dr Love
89%
Creatures of the NightCreatures of the Night
88.9%
Rock And Roll OverHard Luck Woman
88.7%
Dynasty2000 Man
88.7%
Love GunI Stole Your Love
88.2%
UnmaskedShandi
88%
Crazy NightsCrazy Crazy Nights
87.9%
DestroyerGreat Expectations
87.7%
Hotter than HellParasite
87.5%
DestroyerFlaming Youth
87.5%
Rock And Roll OverLadies Room
87.4%
KISSLove Theme From KISS
87.2%
Hotter than HellLet me Go, Rock n Roll
86.9%
Hotter Than HellGot To Choose
86.7%
Gene SimmonsRadioactive
86.2%
AnimalizeHeaven's on Fire
86.2%
KISSKissin' Time
86%
DestroyerSweet Pain
86%
Creatures of the NightI Love it Loud
86%
Dressed To Kill C'mon and Love me
85.4%
Love GunPlaster Caster
85.4%
Rock And Roll OverI Want You
85.2%
Alive IIRocket Ride
85.2%
Love GunHooligan
85.2%
Music From 'The Elder'The Oath
84.5%
Dressed To KillRoom Service
84.2%
UnmaskedTomorrow
84.2%
Dressed To Kill Two Timer
84%
Love GunTomorrow and Tonight
84%
Love GunThen She Kissed Me
83.9%
DynastySure Know Something
83.7%
RevengeUnholy
83.5%
KISSLet me Know
83%
Hotter than HellGoin' Blind
83%
Dressed To Kill Rock Bottom
82.7%
Love GunAlmost Human
82.2%
Ace FrehleyRip it Out
82%
Creatures of the NightWar Machine
82%
Hotter than HellMainline
81.7%
Rock And Roll OverMakin' Love
81.7%
Hotter than HellComin' Home
81.5%
Hotter than HellStrange Ways
81.5%
Hot in the ShadeHide Your Heart
81.5%
RevengeDomino
81.5%
Hot in the ShadeForever
81.4%
Psycho CircusPsycho Circus
81.4%
Alive IIAll American Man
81%
Creatures of the NightI Still Love You
80.9%
AsylumTears Are Falling
80.9%
Rock And Roll OverTake Me
80.7%
Dressed To Kill Ladies in Waiting
80.2%
Carnival Of Souls: The Final SessionsHate
79.9%
Rock And Roll OverBaby Driver
79.2%
Hotter than HellWatchin' You
79%
RevengeTake It Off
78.9%
Love GunGot Love for Sale
78.7%
Music From 'The Elder'Just a Boy
78.7%
Dressed To Kill Anything for My Baby
78.5%
Music From 'The Elder'A World Without Heroes
78.4%
Lick it UpExciter
78.4%
RevengeI Just Wanna
78.4%
Dressed To Kill Love Her All I Can
78.2%
Creatures of the NightKiller
78.2%
Rock And Roll OverMr Speed
78%
Alive IIAny Way You Want It
77.7%
Rock And Roll OverSee You In Your Dreams
77.5%
Gene SimmonsSee You in Your Dreams
77.5%
UnmaskedTwo Sides of the Coin
77.5%
Hot in the ShadeRise To It
77.5%
Album Answer % Correct
Psycho CircusWithin
77.5%
DynastyCharisma
77.4%
RevengeSpit
77.4%
Ace FrehleyFractured Mirror
77.2%
AsylumUh! All Night
77%
Crazy NightsTurn On The Night
76.9%
Carnival Of Souls: The Final SessionsRain
76.7%
Ace FrehleySnow Blind
76.5%
DynastyHard Times
76.5%
Music From 'The Elder'Mr Blackwell
76.4%
Creatures of the NightSaint and Sinner
76.4%
DynastyDirty Livin'
76.2%
AsylumKing Of The Mountain
76.2%
Ace FrehleyOzone
76%
Music From 'The Elder'Under the Rose
76%
AsylumWho Wants to be Lonely
76%
RevengeGod Gave Rock n' Roll To You II
76%
UnmaskedIs That You
75.9%
Music From 'The Elder'Only You
75.9%
Rock And Roll OverLove 'em and Leave 'em
75.7%
Hotter than HellAll the Way
75.5%
DynastyX-ray Eyes
75.5%
RevengeEvery Time I Look At You
75.5%
Dressed To Kill Getaway
75.4%
Lick it UpFits Like a Glove
75.4%
Crazy NightsNo, No, No
75.4%
Gene SimmonsWhen You Wish Upon a Star
75.2%
Music From 'The Elder'Odyssey
75.2%
Crazy NightsReason To Live
75.2%
Alive IIRockin' in the USA
74.9%
Music From 'The Elder'Fanfare
74.9%
Lick it UpNot For the Innocent
74.9%
AnimalizeThrills in the Night
74.5%
Music From 'The Elder'Dark Light
74.4%
Alive IILarger than Life
74.2%
UnmaskedTalk to me
74.2%
Creatures of the NightDanger
74.2%
UnmaskedTorpedo Girl
74%
Creatures of the NightRock n' Roll Hell
74%
Ace FrehleySpeedin' Back to My Baby
73.9%
RevengeCarr Jam 1981
73.7%
Crazy NightsBang Bang You
73.5%
Crazy NightsThief In The Night
73.5%
Psycho CircusInto the Void
73.5%
Psycho CircusWe Are One
73.4%
AnimalizeUnder the Gun
73.2%
AnimalizeBurn Bitch Burn
72.9%
Music From 'The Elder'Escape From the Island
72.7%
Lick it UpAll Hell's Breakin' Loose
72.7%
Hot in the ShadeBoomerang
72.5%
Paul StanleyTonight You Belong To Me
72.4%
Paul StanleyGoodbye
72.2%
DynastyMagic Touch
71.5%
Hot in the ShadeBetrayed
71.4%
Carnival Of Souls: The Final SessionsJungle
71.4%
Smashes, Thrashes & HitsLet's Put the X In Sex
71%
Psycho CircusDreamin'
71%
UnmaskedNaked City
70.9%
UnmaskedShe's So European
70.9%
Ace FrehleyWiped Out
70.7%
Carnival Of Souls: The Final SessionsChildhood's End
70.5%
Crazy NightsMy Way
69.6%
Sonic BoomSay Yeah
69.6%
Gene SimmonsMan of 1000 Faces
69.2%
MonsterFreak
69.1%
Psycho CircusJourney of 1000 Years
68.9%
RevengeHeart of Chrome
68.7%
Gene SimmonsMr Make Believe
68.6%
Paul StanleyMove On
68.1%
Hot in the ShadeSilver Spoon
67.4%
Ace FrehleyI'm in Need of Love
67.2%
Lick it UpAnd on the 8th Day
67.2%
AsylumAny Way You Slice It
66.7%
Psycho CircusRaise Your Glasses
66.6%
Crazy NightsHell Or High Water
66.2%
Gene SimmonsLiving in Sin
66.1%
Sonic BoomStand
66.1%
RevengeTough Love
65.7%
Carnival Of Souls: The Final SessionsMaster And Slave
65.7%
Carnival Of Souls: The Final SessionsI Walk Alone
65.4%
AnimalizeMurder in High Heels
65.2%
DynastySave Your love
65.1%
Carnival Of Souls: The Final SessionsI Will Be There
64.9%
Hot in the ShadeLittle Caesar
64.7%
The Box SetIt's My Life
64.7%
Gene SimmonsSee You Tonight
64.6%
Sonic BoomRussian Roulette
64.2%
Sonic BoomDanger Us
64.2%
Sonic BoomModern Day Delilah
64.1%
Sonic BoomHot And Cold
64.1%
Hot in the ShadeCadillac Dreams
63.7%
Carnival Of Souls: The Final SessionsI Confess
63.7%
Album Answer % Correct
UnmaskedWhat Makes the World Go 'Round
63.6%
Crazy NightsGood Girl Gone Bad
63.4%
Psycho CircusYou Wanted the Best
62.4%
Peter CrissTossin' and Turnin'
62.2%
AnimalizeI've Had Enough (Into the Fire)
61.9%
Sonic BoomI'm an Animal
61.9%
Gene SimmonsBurning Up With Fever
61.7%
RevengeParalyzed
61.4%
Psycho CircusI Finally Found My Way
61.2%
Lick it UpYoung and Wasted
60.9%
Carnival Of Souls: The Final SessionsSeduction of the Innocent
60.9%
KillersPartners in Crime
60.7%
AnimalizeWhile the City Sleeps
60.7%
The Box SetLeeta
60.7%
UnmaskedEasy As It Seems
60.2%
AsylumRadar for Love
59.7%
UnmaskedYou're All that I Want
59.1%
KillersNowhere To Run
59.1%
AsylumI'm Alive
59.1%
MonsterWall of Sound
58.4%
The Box SetMad Dog
58.4%
Lick it UpA Million to One
58.1%
Hot in the ShadeRead My Body
58.1%
RevengeThou Shalt Not
58.1%
Gene SimmonsTunnel of Love
57.9%
Gene SimmonsTrue Confessions
57.9%
Lick it UpGimme More
57.7%
Crazy NightsI'll Fight Hell to Hold You
57.2%
Ace FrehleyWhat's on your Mind
56.9%
Creatures of the NightKeep me Comin'
56.9%
Sonic BoomAll For the Glory
56.9%
KillersI'm A Legend Tonight
56.6%
Sonic BoomNever Enough
56.4%
KillersDown On Your Knees
55.9%
Hot in the ShadeKing Of Hearts
55.6%
Carnival Of Souls: The Final SessionsIn My Head
54.7%
Carnival Of Souls: The Final SessionsIn the Mirror
54.4%
AsylumSecretly Cruel
53.7%
Peter CrissRock Me, Baby
52.4%
AnimalizeLonely is the Hunter
52.4%
AnimalizeGet All You Can Take
51.7%
Crazy NightsWhen Your Walls Come Down
51.6%
The Box SetLove is Blind
51.2%
Hot in the ShadeLove's a Slap In The Face
51.1%
MonsterShout Mercy
51.1%
AsylumLove's a Deadly Weapon
50.9%
MonsterAll For The Love Of Rock n' Roll
50.4%
Peter CrissYou Matter to Me
49.8%
The Box SetKeep Me Waiting
49.3%
The Box SetAcrobat
49.3%
AsylumTrial By Fire
49.1%
Lick it UpDance All Over Your Face
48.9%
Hot in the ShadeSomewhere Between Heaven and Hell
47.6%
Psycho CircusI Pledge Allegiance To The State Of Rock and Roll
46.9%
MonsterThe Devil Is Me
46.3%
Paul StanleyIt's Alright
44.9%
Peter CrissDon't You Let me Down
44.9%
Peter CrissKiss the Girl Goodbye
44.3%
Peter CrissI Can't Stop the Rain
43.9%
Hot in the ShadeYou Love Me To Hate You
43.9%
Gene SimmonsAlways Near You
43.6%
Hot in the ShadePrisioner of Love
43.4%
MonsterLong Way Down
41.9%
MonsterBack to the Stone Age
41.4%
The Box SetTime Traveler
41.4%
MonsterTake Me Down Below
40.6%
Peter CrissEasy Thing
40.4%
Smashes, Thrashes & Hits(You Make Me) Rock Hard
40.4%
MonsterHell or Hallelujah
39.1%
Peter CrissI'm Gonna Love You
38.6%
The Box SetBad Bad Lovin'
37.8%
Carnival Of Souls: The Final SessionsIt Never Goes Away
37.4%
Paul StanleyAin't Quite Right
36.8%
Paul StanleyLove in Chains
36.8%
MonsterOutta This World
35.3%
Peter CrissHooked On Rock and Roll
32.8%
Paul StanleyWouldn't You Like to Know Me
32.4%
Peter CrissThat's the Kind of Sugar Papa Likes
28.3%
MonsterRight Here, Right Now
28%
MonsterThe Last Chance
27.6%
Hot in the ShadeThe Street Giveth and the Street Taketh Away
27.3%
The Box SetDon'cha Hesitate
27.3%
MonsterEat Your Heart Out
25.8%
The Box SetStop, Look to Listen
24.8%
Sonic BoomWhen the Lightning Strikes
23.6%
The Box SetNothing Can Keep Me From You
21.8%
Sonic BoomYes I Know (Nobody's Perfect)
20.5%
The Box SetAin't That Peculiar
17.3%
Paul StanleyHold Me, Touch Me (Think Of Me When We're Apart)
11.1%
Paul StanleyTake me Away (Together As One)
8.8%

You're not logged in!

Compare scores with friends on all Sporcle quizzes.
OR
Log In

Sporcle TV

Today on Sporcle TV


Watch our educational content, quiz creation guides, and fun videos on Sporcle TV.

Show Comments

Extras

Top Quizzes Today


Score Distribution

Your Account Isn't Verified!

In order to create a playlist on Sporcle, you need to verify the email address you used during registration. Go to your Sporcle Settings to finish the process.

Report this User

Report this user for behavior that violates our Community Guidelines.

Details: